Tổ chức công trình xây dựng

में बचाया:
ग्रंथसूची विवरण
मुख्य लेखक: Nguyễn Duy Thiện
स्वरूप: पुस्तक
भाषा:Undetermined
प्रकाशित: Hà Nội Xây Dựng 2004
विषय:
टैग : टैग जोड़ें
कोई टैग नहीं, इस रिकॉर्ड को टैग करने वाले पहले व्यक्ति बनें!
Thư viện lưu trữ: Trung tâm Học liệu Trường Đại học Cần Thơ
LEADER 00541nam a2200193Ia 4500
001 CTU_73730
008 210402s9999 xx 000 0 und d
020 |b 26000 
082 |a 690.028 
082 |b Th305 
100 |a Nguyễn Duy Thiện 
245 0 |a Tổ chức công trình xây dựng 
245 0 |c Nguyễn Duy Thiện 
260 |a Hà Nội 
260 |b Xây Dựng 
260 |c 2004 
650 |a construction equipment 
904 |i Mai Loan 
980 |a Trung tâm Học liệu Trường Đại học Cần Thơ